Cambridge English proficiency masterclass /

Hlavní autor: Gude, Kathy
Další autoři: Duckworth, Michael, Lindsey-Clark, Jeanette, Greene, Stephen, Gairns, Ruth, 1949-, Fountain, Mark, Rogers, Louis, Redman, Stuart, 1950-
Jazyk: Angličtina
Vydáno: Oxford : Oxford University Press, 2012-2015
Vydání: 1st published
Témata:
DVD
Fyzický popis: 6 svazků : barevné ilustrace ; 28 cm
Knihy
Uloženo v:
LEADER 05220nam a2200841 ia4500
001 001282199
003 CZ BrMZK
005 20160819064240.0
007 ta
008 130304m20122015xxka e p 000 0 eng
020 |a 978-0-19-470524-0  |q (student's book woth online skills ;  |q brožováno) 
020 |a 978-0-19-450286-3  |q (student's book ;  |q brožováno) 
020 |a 978-0-19-470523-3  |q (CDS) 
020 |a 978-0-19-470525-7  |q (teacher's pack ;  |q brožováno) 
020 |a 978-0-19-470519-6  |q (teacher's pack - writing & speaking ;  |q brožováno) 
020 |a 978-0-19-470516-5  |q (teacher's pack - writing & speaking ;  |q DVD) 
020 |a 978-0-19-470518-9  |q (teacher's pack - teaching vocabulary ;  |q brožováno) 
040 |a BOA001  |b cze  |e rda 
072 7 |a 811.111  |x Angličtina  |2 Konspekt  |9 11 
072 7 |a 37.016  |x Učební osnovy. Vyučovací předměty. Učebnice  |2 Konspekt  |9 22 
080 |a 811.111  |2 MRF 
080 |a 81'24:371.27  |2 MRF 
080 |a (07.064)81  |2 MRF 
080 |a (072)  |2 MRF 
080 |a (0.034.44)  |2 MRF 
080 |a (086.76)  |2 MRF 
100 1 |a Gude, Kathy  |7 xx0018636  |4 aut 
245 1 0 |a Cambridge English proficiency masterclass /  |c Kathy Gude, Michael Duckworth, Louis Rogers 
250 |a 1st published 
264 1 |a Oxford :  |b Oxford University Press,  |c 2012-2015 
300 |a 6 svazků :  |b barevné ilustrace ;  |c 28 cm 
336 |a text  |b txt  |2 rdacontent 
336 |a mluvené slovo  |b spw  |2 rdacontent 
336 |a dvojrozměrný pohyblivý obraz  |b tdi  |2 rdacontent 
337 |a bez média  |b n  |2 rdamedia 
337 |a audio  |b s  |2 rdamedia 
337 |a video  |b v  |2 rdamedia 
338 |a svazek  |b nc  |2 rdacarrier 
338 |a audiodisk  |b sd  |2 rdacarrier 
338 |a videodisk  |b vd  |2 rdacarrier 
505 0 |a student's book. 2015. 189 stran -- student's book woth online skills & language practice. 2012. 189 stran -- 2 class audio CDs. ©2012 -- teachers pack / Jeanette Lindsey-Clark, Stephen Greene. 2013. 148 stran -- writing & speaking assesment booklet / Mark Fountain. 2013. 31 stran + 1 speaking DVD -- teaching vocabulary to high-level learners / Ruth Gairns, Stuart Redman. 2013. 321 stran 
650 0 7 |a angličtina  |7 ph114056  |2 czenas 
650 0 7 |a jazykové zkoušky  |7 ph466388  |2 czenas 
650 0 7 |a Certificate of Proficiency in English  |7 ph499654  |2 czenas 
653 0 |a jazyková úroveň C2 
655 7 |a jazykové učebnice, texty, příručky (C)  |7 fd600892  |2 czenas 
655 7 |a metodické příručky  |7 fd132826  |2 czenas 
655 7 |a DVD  |7 fd186912  |2 czenas 
655 7 |a kompaktní disky  |7 fd201991  |2 czenas 
700 1 |a Duckworth, Michael  |7 xx0015725  |4 aut 
700 1 |a Lindsey-Clark, Jeanette  |7 utb2015896256  |4 aut 
700 1 |a Greene, Stephen  |7 mzk2015890538  |4 aut 
700 1 |a Gairns, Ruth,  |d 1949-  |7 xx0002317  |4 aut 
700 1 |a Fountain, Mark  |4 aut 
700 1 |a Rogers, Louis  |7 mzk2013749966  |4 aut 
700 1 |a Redman, Stuart,  |d 1950-  |7 xx0002316  |4 aut 
910 |a BOA001  |b 3-1301.239  |b CDR-1301.239 
990 |a BK 
991 |b 201608  |c NOV  |x 99 
996 7 |b 2610541618  |c 3-1301.239  |d 1,student's book woth online skills  |v 1  |l Anglická knihovna/2.patro  |r ZHR  |n 28  |p dar  |h XY  |w 001316851  |u 000010  |a 0  |e BOA001  |j MZK50  |s A 
996 7 |b 2610541619  |c CDR-1301.239  |d 2, CD 1  |v 2  |l Anglická knihovna/2.patro  |r ZHR  |n 14  |p dar  |h CD-A 726  |w 001316851  |u 000020  |a 0  |e BOA001  |j MZK50  |s A 
996 7 |b 2610541620  |c CDR-1301.239  |d 2, CD 2  |v 2  |l Anglická knihovna/2.patro  |r ZHR  |n 14  |p dar  |h CD-A 726  |w 001316851  |u 000030  |a 0  |e BOA001  |j MZK50  |s A 
996 7 |b 2610650793  |c 3-1301.239  |d 3,teacher's pack  |v 3  |l Anglická knihovna/2.patro  |r ZHR  |n 6  |p kupz  |h XY  |w 001316851  |u 000040  |a 0  |e BOA001  |j MZK50  |s A 
996 7 |b 2610650794  |c 3-1301.239  |d 3,teacher's pack writing & speaking  |v 3  |l Anglická knihovna/2.patro  |r ZHR  |n 2  |p kupz  |h XY  |w 001316851  |u 000050  |a 0  |e BOA001  |j MZK50  |s A 
996 7 |b 2610650796  |c 3-1301.239  |d 3,teacher's pack teaching vocabulary  |v 3  |l Anglická knihovna/2.patro  |r ZHR  |n 6  |p kupz  |h XY  |w 001316851  |u 000070  |a 0  |e BOA001  |j MZK50  |s A 
996 7 |b 2610675172  |c CDR-1301.239  |d 2, CD 1  |v 2  |l Anglická knihovna/2.patro  |r ZHR  |n 7  |p kupz  |h CD-A 726  |w 001316851  |u 000080  |a 0  |e BOA001  |j MZK50  |s A 
996 7 |b 2610675336  |c 3-1301.239  |d 3,teacher's pack  |v 3  |l Anglická knihovna/2.patro  |r ZHR  |n 5  |p kupz  |h XY  |w 001316851  |u 000090  |a 0  |e BOA001  |j MZK50  |s A 
996 7 |b 2610675337  |c 3-1301.239  |d 3,teacher's pack writing & speaking  |v 3  |l Anglická knihovna/2.patro  |r ZHR  |n 2  |p kupz  |h XY  |w 001316851  |u 000100  |a 0  |e BOA001  |j MZK50  |s A 
996 7 |b 2610675338  |c 3-1301.239  |d 3,teacher's pack teaching vocabulary  |v 3  |l Anglická knihovna/2.patro  |r ZHR  |n 4  |p kupz  |h XY  |w 001316851  |u 000110  |a 0  |e BOA001  |j MZK50  |s A 
996 7 |b 2610676096  |c 3-1301.239  |d 1,student's book  |v 1  |l Anglická knihovna/2.patro  |r ZHR  |n 11  |p kupz  |h XY  |w 001316851  |u 000130  |a 0  |e BOA001  |j MZK50  |s A 
996 7 |b 2610676617  |c CDR-1301.239  |d 2, CD 2  |v 2  |l Anglická knihovna/2.patro  |r ZHR  |n 6  |p kupz  |h CD-A 726  |w 001316851  |u 000140  |a 0  |e BOA001  |j MZK50  |s A 
996 7 |b DKAA000067  |c CDR-1301.239  |d 3,teacher's pack writing & speaking DVD  |v 3  |l Anglická knihovna/2.patro  |r ZHR  |n 4  |p kupz  |h DVD 168  |w 001316851  |u 000060  |a 0  |e BOA001  |j MZK50  |s A 
996 7 |b DKAA000083  |c CDR-1301.239  |d 3,teacher's pack writing & speaking DVD  |v 3  |l Anglická knihovna/2.patro  |r ZHR  |n 2  |p kupz  |h DVD 168  |w 001316851  |u 000120  |a 0  |e BOA001  |j MZK50  |s A